Control externo de los obligados por el tratamiento de datos personales

Bibliographic Details
Main Author: Rodrg̕uez Ayuso, Juan Francisco
Format: eBook
Language:Spanish
Published: Barcelona: J.M. Bosch Editor, 2020
Subjects:
Online Access:Acceso restringido

MARC

LEADER 00000nam a22000007a 4500
005 20200605235117.0
007 cr|||| ||||
008 200605s2020 es |||||s|||| 00||0 spa d
020 |a 978-84-121920-0-1 
035 |a 31728 
040 |a vLex 
090 |c 10569  |d 10569 
100 1 |a Rodrg̕uez Ayuso, Juan Francisco 
245 1 0 |a Control externo de los obligados por el tratamiento de datos personales  |h [Recurso electrn̤ico] /  |c Juan Francisco Rodrg̕uez Ayuso 
256 |a Servicio en ln̕ea 
260 |a Barcelona:  |b J.M. Bosch Editor,  |c 2020 
300 |a 1 recurso electrn̤ico 
506 1 |a Disponible solo en los productos indicados  |d vLex Global  |d vLex Global (Academic Edition, excluding Law Schools)  |d vLex Global (U.S. Academic Edition, Law Schools)  |d vLex Global (U.S. Academic Edition, excluding Law Schools)  |d vLex Global (Academic Edition, Law Schools) 
650 0 4 |a Derecho Civil  |z Espaą 
650 0 4 |a Derecho Pb︢lico y Administrativo  |z Espaą 
740 0 |a vLex Libros (Servicio en ln̕ea) 
856 4 0 |u http://vlex.com/source/control-externo-de-los-obligados-por-el-tratamiento-de-datos-personales-31728  |z Acceso restringido 
942 |c BOOK 
999 0 |a Civil Law 
999 0 |a Public and Administrative Law